02249nam a2200373 a 450000100060000000300080000600500170001400800410003103500190007204000310009104100080012208200240013010000390015424501340019325000110032726000590033830000340039750001040043165000290053565000320056465000360059665000340063294200120066699900170067895201320069595201300082795201300095795201300108795201300121795201300134795201300147795201310160795201370173871666BD-RjUL20211209082137.0170507r19651963enka 001 0 eng  a(BD-RjUL)71882 aDLC/ICUcICUdBD-RjULbeng aeng00a532.5223bKAI 19651 aKay, J. M.q(John Menzies)921202813aAn introduction to fluid mechanics and heat transfer :bwith applications in chemical & mechanical process engineering /cJ M Kay a2d ed. aCambridge :bUniversity Press,c1963, [reprinted 1965] axvi, 327 p. :bill. ;c21 cm. a"Based on lectures given in the Department of Chemical Engineering at Cambridge from 1948 to 1952." 0aFluid mechanics.9212038 0aHeatxTransmission.9159949 0aMechanical engineering.9212039 0aChemical engineering.9212040 2ddccBK c71666d71666 00102ddc40718NFICaRUCLbRUCLcReadingd1973-11-26eU.S. Govt.l0o532.5 KAI 1965r2017-05-07 00:00:00tC-1w2017-05-07yBK 00102ddc40708NFICaRUCLbRUCLcStackd1973-11-26eU.S. Govt.l0o532.5 KAI 1965r2017-05-07 00:00:00tC-2w2017-05-07yBK 00102ddc40708NFICaRUCLbRUCLcStackd1973-11-26eU.S. Govt.l0o532.5 KAI 1965r2017-05-07 00:00:00tC-3w2017-05-07yBK 00102ddc40708NFICaRUCLbRUCLcStackd1973-11-26eU.S. Govt.l0o532.5 KAI 1965r2017-05-07 00:00:00tC-4w2017-05-07yBK 00102ddc40708NFICaRUCLbRUCLcStackd1973-11-26eU.S. Govt.l0o532.5 KAI 1965r2017-05-07 00:00:00tC-5w2017-05-07yBK 00102ddc40708NFICaRUCLbRUCLcStackd1973-11-26eU.S. Govt.l0o532.5 KAI 1965r2017-05-07 00:00:00tC-6w2017-05-07yBK 00102ddc40708NFICaRUCLbRUCLcStackd1973-11-26eU.S. Govt.l0o532.5 KAI 1965r2017-05-07 00:00:00tC-7w2017-05-07yBK 00102ddc40708NFICaRUCLbRUCLcStackd1973-11-26eU. S. Govt.l0o532.5 KAI 1965r2017-08-21 00:00:00tC-8w2021-12-09yBK 00102ddc40708NFICaRUCLbRUCLcStackd2009-11-12ezeitlingerg45.00l0o532.5 KAI 1965r2019-02-25 00:00:00tC-9w2019-02-25yBK